El acoso de las fantasías /

La fantasía guarda con la realidad una curiosa relación de lejanía y proximidad, creando un escenario en el que se opaca el horror real de la situación. Bajo esta perspectiva lacaniana, Slavoj Zizek analiza esta oscilación entre cercanía y alejamiento de la realidad en distintos ámbitos de la vida,...

Full description

Bibliographic Details
Main Author: Zizek, Slavoj
Format: Libro
Language:Spanish
Published: México Siglo Veintiuno 1999
Edition:1a. ed.
Series:Teoría
Subjects:
Online Access:

MARC

LEADER 00000cam a2200000 a 4500
001 001628
003 UAHC_CL
005 20170803115746.0
008 070227b1999 mx 000 spa
020 |a 9682321662 
040 |a UAHC_CL  |c UAHC_CL  |d UAHC_CL 
100 1 |a Zizek, Slavoj 
245 1 3 |a El acoso de las fantasías /  |c por Slavoj Zizek; traducción de Clea Braunstein Saal. 
250 |a 1a. ed. 
260 |b Siglo Veintiuno  |a México  |c 1999 
300 |a 261 p. 
490 0 |a Teoría 
520 |a La fantasía guarda con la realidad una curiosa relación de lejanía y proximidad, creando un escenario en el que se opaca el horror real de la situación. Bajo esta perspectiva lacaniana, Slavoj Zizek analiza esta oscilación entre cercanía y alejamiento de la realidad en distintos ámbitos de la vida, desde el político hasta el amoroso. El carácter intersubjetivo de la fantasía, que no parte de la pregunta "¿qué quiero?", sino de la duda sobre "¿qué quieren los otros de mí?", lleva a la postre a una realización del deseo en forma alucinatoria, que acaba identificándose con una castración simbólica y una pérdida de realidad al desear y temer la cercanía. 
521 |a Construcción del psiquismo 
650 4 |a IMAGINACION 
650 4 |a FANTASIA 
650 4 |a PSICOANALISIS Y CULTURA 
650 4 |a FETICHISMO 
653 |a PSICOLOGIA 
653 |a ANTROPOLOGIA 
653 |a SOCIOLOGIA 
658 |a Araujo, Kathya 
900 |a 153.3 ZIZ 
942 |c BK 
952 |0 0  |1 0  |4 0  |6 153_300000000000000_ZIZ  |7 0  |8 General  |9 3720  |a BR  |b BR  |c General  |d 2017-08-03  |l 1  |m 1  |o 153.3 ZIZ  |p 1356446  |r 2026-01-14 00:00:00  |s 2024-08-24  |t 1  |w 2017-08-03  |y BK 
952 |0 0  |1 0  |4 0  |6 153_300000000000000_ZIZ  |7 0  |8 General  |9 3721  |a BC  |b BC  |c General  |d 2017-08-03  |l 1  |o 153.3 ZIZ  |p 1356447  |r 2026-01-07 00:00:00  |s 2018-03-26  |t 2  |w 2017-08-03  |y BK 
952 |0 0  |1 0  |4 0  |6 153_300000000000000_ZIZ  |7 0  |8 General  |9 3722  |a BC  |b BC  |c General  |d 2017-08-03  |l 2  |m 4  |o 153.3 ZIZ  |p 1356448  |r 2026-01-07 00:00:00  |s 2022-09-28  |t 3  |w 2017-08-03  |x Texto con pequeñas manchas y rallado 06/09/22  |y BK 
952 |0 0  |1 0  |4 0  |6 153_300000000000000_ZIZ  |7 0  |8 General  |9 3723  |a BC  |b BC  |c General  |d 2017-08-03  |l 0  |o 153.3 ZIZ  |p 1356449  |r 2026-01-07 00:00:00  |t 4  |w 2017-08-03  |y BK 
952 |0 0  |1 0  |4 0  |6 153_300000000000000_ZIZ  |7 0  |8 General  |9 3724  |a BC  |b BC  |c General  |d 2017-08-03  |l 0  |o 153.3 ZIZ  |p 1356450  |r 2026-01-07 00:00:00  |t 5  |w 2017-08-03  |y BK 
952 |0 0  |1 0  |4 0  |6 153_300000000000000_ZIZ  |7 0  |8 General  |9 3725  |a BC  |b BC  |c General  |d 2017-08-03  |l 3  |m 3  |o 153.3 ZIZ  |p 1356451  |r 2026-01-07 00:00:00  |s 2018-01-26  |t 6  |w 2017-08-03  |y BK 
952 |0 0  |1 0  |4 0  |6 153_300000000000000_ZIZ  |7 0  |8 General  |9 3726  |a BC  |b BC  |c General  |d 2017-08-03  |l 0  |o 153.3 ZIZ  |p 1356452  |r 2017-08-03 00:00:00  |t 7  |w 2017-08-03  |y BK 
999 |c 1628  |d 1628